| 000 | 00511nam a22001817a 4500 | ||
|---|---|---|---|
| 003 | OSt | ||
| 008 | 260618b |||||||| |||| 00| 0 eng d | ||
| 020 | _a9789811687990 | ||
| 082 |
_a674.38 _bS95S |
||
| 100 | _aSundararaj, R. | ||
| 245 |
_aScience of Wood Degradation and its Protection _cSundararaj, R. |
||
| 260 |
_aSingapore _bSpringer Nature _c2022 |
||
| 300 | _avii. 744 p. | ||
| 650 | _awood preservation | ||
| 650 | _atechnological protection | ||
| 650 | _aenvironmental degradation | ||
| 942 |
_2ddc _cBK |
||
| 999 |
_c52152 _d52152 |
||